Guess the Movie - Character Drawings #3 - Statistics

General Stats
  • This quiz has been taken 61 times
  • The average score is 8 of 10
Answer Stats
Picture Answer % Correct
How the Grinch Stole Christmas
98%
Shrek
98%
Robin Hood
91%
Teenage Mutant Ninja Turtles
91%
The Mask
91%
Elf
89%
Lara Croft: Tomb Raider
81%
Borat
70%
The Mask of Zorro
53%
Constantine
21%
No matching quizzes found
Score Distribution
Percent of People with Each Score
Percentile by Number Answered
Your Score History
You have not taken this quiz